| 000 | 00658nam a22002057a 4500 | ||
|---|---|---|---|
| 008 | 140204t1987 xxkak gr|||| 000 0 eng d | ||
| 020 | _a9780946576814 | ||
| 020 | _a0946576815 | ||
| 082 | 0 | 4 |
_222 _a658.87 _bFUL |
| 100 | 1 |
_aFuller, Reg _935063 |
|
| 245 | 1 | 0 |
_aChoosing, buying and running a successful retail business / _cReg Fuller. |
| 250 | _a1st ed. | ||
| 260 |
_aBushey, United Kingdom : _bPhoenix Publishing Associates Ltd., _cc.1987. |
||
| 300 |
_a216 p. : _bforms, tables ; _c21 cm. |
||
| 500 | _aIncludes appendix. | ||
| 653 |
_bBUSADM _cFebruary2014 |
||
| 655 |
_vreading book _934232 |
||
| 650 | 0 |
_912734 _aRetail trade |
|
| 942 |
_2ddc _k658.87 FUL |
||
| 999 |
_c18024 _d17996 |
||